Funkčne integrované obhospodarovanie lesov a komplexné využitie dreva sekcia 3 : medzinárodná vedecká konferencia : zborník referátov : Zvolen, 1.-3. 9. 1987 : intenzifikácia mechanizovaných systémov pestovného a ťažobného výrobného procesu

Bibliographic Details
Other Authors: Rónay, Eugen, 1927- (Compiler)
Format: Book
Language:Slovak
Czech
English
German
PhysicalDescription:226 s. ilustr., sch., tab. 21 cm
Published: Zvolen VŠLD 1987
Edition:1. vyd.
Series:Zborník referátov
Subjects:

MARC

LEADER 00000cam a2200000 a 4500
001 vtls001124195
003 SK-MaSNL
005 20260301111623.0
008 251029s1987 xo a f n 10000 slo
015 |a SNBA1988/03 
035 |a SNK000067038 
035 |a urn:nbn:sk:snk-am3hawh 
035 |a 47EB85D8-5E56-47E4-B5AD-A76F113D72B7 
035 |a urn:nbn:sk:snk-am003sx1 
040 |a SNK  |b slo  |c SNK  |e AACR2 
041 0 |a slo  |a cze  |a eng  |a ger  |b rus  |b ger  |b eng 
044 |a xo  |c SK 
080 |a 630 3(082)  |2 1981 
245 0 0 |a Funkčne integrované obhospodarovanie lesov a komplexné využitie dreva  |b sekcia 3 : medzinárodná vedecká konferencia : zborník referátov : Zvolen, 1.-3. 9. 1987 : intenzifikácia mechanizovaných systémov pestovného a ťažobného výrobného procesu  |c [zost. Eugen Rónay] 
250 |a 1. vyd. 
260 |a Zvolen  |b VŠLD  |c 1987  |e Zvolen  |f Edičné stredisko VŠLD 
300 |a 226 s.  |b ilustr., sch., tab.  |c 21 cm 
366 |e 245 výt. 
490 1 |a Zborník referátov  |v sekcia 3 
504 |a Bibliogr. odkazy 
546 |a Res. angl., rus., nem. Súbež. tit. list., ob. a res. rus., angl. a nem. 
650 0 7 |a ťažba dreva  |2 SNK  |9 16648 
650 0 7 |a doprava  |2 SNK  |9 1777 
655 7 |a zborníky  |2 SNK  |9 70165 
700 1 |a Rónay, Eugen,  |d 1927-  |4 com  |9 243695 
810 2 |a Vysoká škola lesnícka a drevárska vo Zvolene  |t Zborník referátov  |9 451130 
830 0 |a Zborník referátov  |9 451131 
852 |a Slovenská národná knižnica 
958 |a OND 
958 |a RM 
958 |a NB 
958 |a ZB 
999 |c 707698  |d 709628 
952 |a SNK  |b SNK  |y VYP  |7 0  |p 17A1138506  |o snkSC 70668 D1  |i snkKSP 406/88  |0 0  |1 0  |4 0  |d 2015-02-24  |f 1  |l 0  |r 2026-02-23 21:22:18  |w 2026-02-23